| LEADER | 00398cam a2200133 7i4500 | ||
|---|---|---|---|
| 001 | 0000008945 | ||
| 005 | 20010328090000.0 | ||
| 090 | 0 | 0 | |a M 388.1 |b MAL |
| 245 | 0 | 0 | |a Malaysia roads general information 1999. |
| 260 | 0 | 0 | |a Kuala Lumpur: |b Public Works Department Malaysia, |c [1999]. |
| 300 | # | # | |a 63 p. |
| 650 | 0 | 0 | |a Roads -- |z Malaysia |
| 651 | 0 | 0 | |a Malaysia |
| 999 | |a 0000011739 |b Book |c Malaysia |e Business Information Centre | ||